Gulbāng-i sarbulandī : dīvān-i Ḥāfiẓ (bar asās-i nuskhah-ʼi ʻallāmah Qazvīnī va duktur Ghanī) : dar bardārandah-ʼi zindagī va aḥvāl, sharḥ-i lughāt, abyāt, āyāt, akhbār-i mulammaʻāt, iṣṭilāḥāt va rumūz-i ʻirfānī /
Saved in:
| Main Author: | |
|---|---|
| Other Authors: | |
| Format: | Book |
| Language: | Persian |
| Published: |
Tihrān :
Intishārāt-i Armaghān,
1375 [1996 or 1997]
|
| Edition: | Chāp-i 1. |
| Subjects: | |
| Tags: |
Add Tag
No Tags, Be the first to tag this record!
|
| LEADER | 01054nam a2200229 a 4500 | ||
|---|---|---|---|
| 001 | 007807946-2 | ||
| 005 | 20020606104010.5 | ||
| 008 | 980608s1996 ir b 000|0 per d | ||
| 020 | |a 9645560063 | ||
| 035 | 0 | |a ocm40164458 | |
| 100 | 1 | |a Kāzarūnī, Aḥmad Ḥusaynī. | |
| 245 | 1 | 0 | |a Gulbāng-i sarbulandī : |b dīvān-i Ḥāfiẓ (bar asās-i nuskhah-ʼi ʻallāmah Qazvīnī va duktur Ghanī) : dar bardārandah-ʼi zindagī va aḥvāl, sharḥ-i lughāt, abyāt, āyāt, akhbār-i mulammaʻāt, iṣṭilāḥāt va rumūz-i ʻirfānī / |c taḥqīq va taʼlīf-i Aḥmad Ḥusaynī Kāzarūnī, Jaʻfar Ḥamīdī. |
| 250 | |a Chāp-i 1. | ||
| 260 | |a Tihrān : |b Intishārāt-i Armaghān, |c 1375 [1996 or 1997] | ||
| 300 | |a 215 p. ; |c 23 cm. | ||
| 504 | |a Includes bibliographical references (p. [213]-215). | ||
| 600 | 0 | 0 | |a Ḥāfiẓ, |d active 14th century |x Criticism and interpretation. |
| 600 | 0 | 0 | |a Ḥāfiẓ, |d active 14th century. |t Dīvān |x Dictionaries. |
| 700 | 1 | |a Ḥamīdī, Jaʻfar. | |
| 752 | |a Iran |d Tehran. | ||
| 988 | |a 20020608 | ||
| 906 | |0 MH | ||


